| 000 | 00000nam##2200000za#4500 |
| 001 | 9.577291 |
| 003 | CaOODSP |
| 005 | 20220901140009 |
| 007 | cr ||||||||||| |
| 008 | 150406|2003||||xxc|||||o f|0| 0 eng|d |
| 040 | |aCaOODSP|beng |
| 043 | |an-cn--- |
| 086 | 1 |aJ3-2/2003-5-1E-PDF |
| 110 | 1 |aCanada.|bJustice Canada. |
| 245 | 10|aRiding the third wave : |h[electronic resource]|brethinking criminal legal aid within an access to justice framework / |c[by] Albert Currie. |
| 260 | |bJustice Canada |c[2003]. |
| 300 | |a24p.|bfig. |
| 490 | 1 |aDepartment of Justice research report|vRR03-5E |
| 590 | |a13-20-Supp|b2013-08-30 |
| 690 | 07|aLaw|2gcpds |
| 690 | 07|aResearch|2gcpds |
| 775 | 08|tSurfer sur la crête de la troisième vague : |w(CaOODSP)9.606037 |
| 830 | #0|aResearch report (Canada. Dept of Justice. Research and Statistics Division)|vRR03-5E|w(CaOODSP)9.505075 |
| 856 | 40|ahttp://publications.gc.ca|qPDF|s538 KB|uhttps://publications.gc.ca/collections/collection_2013/jus/J3-2-2003-5-1-eng.pdf|yRR03-5E |